[Event "Schleswig Holstein-ch Kandidatenklasse"]
[Site "Ratzeburg"]
[Date "2017.04.13"]
[Round "4.6"]
[White "Schaefer, Ruediger"]
[Black "Farokhi, Keyvan"]
[Result "0-1"]
[WhiteElo "1816"]
[BlackElo "1647"]
[PlyCount "92"]
[EventDate "2017.04.13"]
[EventType "swiss"]
[EventRounds "9"]
[EventCountry "GER"]
[SourceTitle "EXT 2022"]
[Source "ChessBase"]
[SourceDate "2021.10.06"]
[SourceVersion "1"]
[SourceVersionDate "2021.10.06"]
[SourceQuality "1"]

1. f4 d5 2. Nf3 Nf6 3. e3 g6 4. Be2 Bg7 5. d3 0-0 6. 0-0 c5 7. c3 Nc6 8. Qc2 Bf5 9. Nh4 Bd7 10. e4 e5 11. g3 dxe4 12. dxe4 exf4 13. Bxf4 Re8 14. Bf3 Qb6 15. Nd2 Be6 16. Kh1 c4 17. Rae1 Qa5 18. Bd6 Rad8 19. Ba3 Ne5 20. Re3 Rd3 21. Rxd3 Nxd3 22. Be2 Ne5 23. Nhf3 Nfg4 24. Qb1 Qb6 25. Nd4 Bh6 26. N2f3 Nxf3 27. Bxf3 Ne3 28. Re1 Bd7 29. b3 cxb3 30. axb3 Ng4 31. Re2 Ne5 32. Bg2 Bg4 33. Re1 Bd2 34. Bb2 Bxe1 35. Qxe1 Nd3 36. Qd2 Nxb2 37. Qxb2 a5 38. h3 Bd7 39. Qe2 Qc7 40. Qe3 f5 41. Qd3 fxe4 42. Bxe4 Qe5 43. Qc4+ Kh8 44. Bxb7 Qxg3 45. Nf3 Qxh3+ 46. Kg1 Qg4+ 0-1

[Event "Arber op Seniors 4th"]
[Site "Bodenmais"]
[Date "2016.08.06"]
[Round "8"]
[White "Schaefer, Ruediger"]
[Black "Klimpel, Siegfried"]
[Result "1/2-1/2"]
[WhiteElo "1784"]
[BlackElo "1867"]
[PlyCount "61"]
[EventDate "2016.07.30"]
[EventType "swiss"]
[EventRounds "9"]
[EventCountry "GER"]
[SourceTitle "EXT 2017"]
[Source "ChessBase"]
[SourceDate "2016.10.25"]
[SourceVersion "1"]
[SourceVersionDate "2016.10.25"]
[SourceQuality "1"]

1. e4 c6 2. d4 d6 3. Nf3 Bg4 4. Be2 Qc7 5. h3 Bxf3 6. Bxf3 e5 7. c3 Be7 8. 0-0 Nd7 9. Be3 Ngf6 10. Nd2 0-0 11. Rc1 Rfd8 12. Qe2 Nf8 13. d5 Ng6 14. c4 c5 15. g3 a6 16. b3 Qd7 17. Bg2 b5 18. Kh2 b4 19. f3 a5 20. h4 a4 21. Bh3 Qe8 22. Bf5 axb3 23. axb3 Ra3 24. Ra1 Rda8 25. Rxa3 Rxa3 26. Qd1 Nh5 27. Nb1 Ra2+ 28. Rf2 Rxf2+ 29. Bxf2 Qa8 30. Qc2 Nf8 31. Qb2 1/2-1/2

[Event "Arber op Seniors 4th"]
[Site "Bodenmais"]
[Date "2016.08.05"]
[Round "7"]
[White "Hilbig, Dieter"]
[Black "Schaefer, Ruediger"]
[Result "1-0"]
[WhiteElo "2014"]
[BlackElo "1784"]
[PlyCount "89"]
[EventDate "2016.07.30"]
[EventType "swiss"]
[EventRounds "9"]
[EventCountry "GER"]
[SourceTitle "EXT 2017"]
[Source "ChessBase"]
[SourceDate "2016.10.25"]
[SourceVersion "1"]
[SourceVersionDate "2016.10.25"]
[SourceQuality "1"]

1. e4 e6 2. d4 d5 3. Nc3 h6 4. Be3 Nf6 5. e5 Nfd7 6. Qg4 b6 7. f4 Ba6 8. Nf3 Bxf1 9. Rxf1 Na6 10. f5 Qe7 11. Qh5 exf5 12. Nxd5 Qe6 13. Nf4 g6 14. Nxe6 gxh5 15. Nxf8 Kxf8 16. c3 Re8 17. Nh4 c5 18. Rxf5 Kg7 19. Rxh5 Re6 20. Kd2 cxd4 21. Bxd4 Nac5 22. Rf5 Rhe8 23. Raf1 Ne4+ 24. Kc2 Ng5 25. Nf3 Nxf3 26. R1xf3 Nxe5 27. Bxe5+ Rxe5 28. Rxf7+ Kg6 29. Rxa7 Re2+ 30. Kb3 Rxg2 31. Rg3+ Rxg3 32. hxg3 Re6 33. a4 Kg5 34. Ra6 Re3 35. Rxb6 Rxg3 36. a5 Rf3 37. a6 Rf8 38. Ka4 h5 39. Rb7 Ra8 40. Kb5 h4 41. b4 h3 42. Rh7 Kg4 43. Kb6 Kg3 44. a7 h2 45. Kb7 1-0

[Event "WchT Seniors 50"]
[Site "Radebeul"]
[Date "2016.07.03"]
[Round "8.24"]
[White "Boye, Niels Mollmann"]
[Black "Schaefer, Ruediger"]
[Result "1-0"]
[WhiteElo "1862"]
[BlackElo "1784"]
[PlyCount "87"]
[EventDate "2016.06.26"]
[EventType "team-swiss"]
[EventRounds "9"]
[EventCountry "GER"]
[SourceTitle "CBM 173 Extra"]
[Source "ChessBase"]
[SourceDate "2016.08.29"]
[SourceVersion "1"]
[SourceVersionDate "2016.08.29"]
[SourceQuality "1"]
[WhiteTeam "Copenhagen 68"]
[BlackTeam "Norderstedt"]
[WhiteTeamCountry "DEN"]
[BlackTeamCountry "GER"]

1. d4 d5 2. c4 e6 3. Nc3 Nf6 4. Bf4 Be7 5. e3 0-0 6. Nf3 c5 7. dxc5 Bxc5 8. Be2 Nc6 9. 0-0 a6 10. cxd5 exd5 11. Qb3 Na5 12. Qc2 Be7 13. Rfd1 Nc6 14. a3 Be6 15. b4 Rc8 16. Rac1 Qb6 17. Qb1 Rfd8 18. Na4 Qa7 19. Nc5 Nd7 20. Ng5 Bxg5 21. Bxg5 Nf6 22. Bxf6 gxf6 23. Bd3 h6 24. Bf5 Bxf5 25. Qxf5 Ne7 26. Qxf6 b6 27. Nd3 Ng6 28. Rc6 Rxc6 29. Qxd8+ Kg7 30. Qxd5 Qc7 31. g3 Rd6 32. Qb3 Qd7 33. Nb2 Ne5 34. Rxd6 Qxd6 35. Qd1 Qc6 36. h4 f6 37. f4 Ng6 38. Qd4 Ne7 39. e4 Qc1+ 40. Kg2 Qc6 41. Qc4 Qb7 42. Kh3 Qd7+ 43. f5 Nxf5 44. exf5 1-0

[Event "WchT Seniors 50"]
[Site "Radebeul"]
[Date "2016.06.28"]
[Round "3.3"]
[White "Iclicki, Willy"]
[Black "Schaefer, Ruediger"]
[Result "1/2-1/2"]
[WhiteElo "1970"]
[BlackElo "1784"]
[PlyCount "40"]
[EventDate "2016.06.26"]
[EventType "team-swiss"]
[EventRounds "9"]
[EventCountry "GER"]
[SourceTitle "CBM 173 Extra"]
[Source "ChessBase"]
[SourceDate "2016.08.29"]
[SourceVersion "1"]
[SourceVersionDate "2016.08.29"]
[SourceQuality "1"]
[WhiteTeam "Liechtenstein"]
[BlackTeam "Norderstedt"]
[WhiteTeamCountry "LIE"]
[BlackTeamCountry "GER"]

1. d4 d5 2. c4 e6 3. Nc3 Nf6 4. Bg5 Be7 5. cxd5 exd5 6. Qc2 0-0 7. e3 c6 8. Bd3 h6 9. Bh4 Nbd7 10. Nf3 Re8 11. 0-0 Nf8 12. h3 Ne4 13. Bxe7 Qxe7 14. Bxe4 dxe4 15. Nd2 f5 16. Rae1 Be6 17. f3 exf3 18. Nxf3 Nd7 19. a3 g6 20. Na4 Bd5 1/2-1/2

[Event "Schleswig Holstein-ch cand"]
[Site "Eckernfoerde"]
[Date "2016.03.21"]
[Round "3"]
[White "Schaefer, Ruediger"]
[Black "Schaper, Jan Erik"]
[Result "1-0"]
[WhiteElo "1733"]
[BlackElo "1824"]
[PlyCount "55"]
[EventDate "2016.03.19"]
[EventType "swiss"]
[EventRounds "9"]
[EventCountry "GER"]
[SourceTitle "EXT 2018"]
[Source "ChessBase"]
[SourceDate "2017.10.13"]
[SourceVersion "1"]
[SourceVersionDate "2017.10.13"]
[SourceQuality "1"]

1. e4 c6 2. d4 d5 3. f3 dxe4 4. fxe4 e5 5. Nf3 Bg4 6. Bc4 Nd7 7. 0-0 Ngf6 8. c3 b5 9. Bb3 Bh5 10. Qe1 Qc7 11. Bg5 Be7 12. Nbd2 h6 13. Bh4 Bg6 14. Rd1 c5 15. dxe5 Nxe5 16. Nxe5 Qxe5 17. Bg3 Qh5 18. c4 b4 19. Ba4+ Kf8 20. e5 Ne8 21. Nf3 Nc7 22. Rd7 Ne6 23. Bc6 Rc8 24. Bd5 Nc7 25. e6 Nxd5 26. cxd5 Rd8 27. Ne5 Bf6 28. Nxg6+ 1-0

[Event "GER Seniors Derby 14th"]
[Site "Wesel Undeloh"]
[Date "2015.04.18"]
[Round "7"]
[White "Steinwender, Dieter"]
[Black "Schaefer, Ruediger"]
[Result "0-1"]
[WhiteElo "1844"]
[BlackElo "1718"]
[PlyCount "46"]
[EventDate "2015.04.15"]
[EventType "swiss"]
[EventRounds "9"]
[EventCountry "GER"]
[SourceTitle "EXT 2018"]
[Source "ChessBase"]
[SourceDate "2017.10.13"]
[SourceVersion "1"]
[SourceVersionDate "2017.10.13"]
[SourceQuality "1"]

1. e4 e6 2. d4 d5 3. Be3 dxe4 4. f3 Bd7 5. Nd2 exf3 6. Ngxf3 Nc6 7. c3 Nf6 8. Bd3 Nd5 9. Qe2 Be7 10. 0-0 Bf6 11. Ne4 Nxe3 12. Qxe3 Ne7 13. Nxf6+ gxf6 14. Qh6 f5 15. Qg7 Rg8 16. Qxh7 Bc6 17. Rae1 Qd6 18. Bxf5 0-0-0 19. Qxf7 Nxf5 20. Rxe6 Qf8 21. Qh5 Ng7 22. Ne5 Qxf1+ 23. Kxf1 Nxh5 0-1

[Event "GER Seniors Derby 14th"]
[Site "Wesel Undeloh"]
[Date "2015.04.16"]
[Round "2"]
[White "Schaefer, Ruediger"]
[Black "Lukas, Walerian"]
[Result "1/2-1/2"]
[WhiteElo "1718"]
[BlackElo "1447"]
[PlyCount "83"]
[EventDate "2015.04.15"]
[EventType "swiss"]
[EventRounds "9"]
[EventCountry "GER"]
[SourceTitle "EXT 2018"]
[Source "ChessBase"]
[SourceDate "2017.10.13"]
[SourceVersion "1"]
[SourceVersionDate "2017.10.13"]
[SourceQuality "1"]

1. e4 e6 2. d4 d5 3. e5 c5 4. c3 Nc6 5. Nf3 b6 6. Be2 Nge7 7. 0-0 Qc7 8. b3 a5 9. Na3 Na7 10. Bb2 Bd7 11. Rc1 Ng6 12. g3 Be7 13. Ne1 Qb7 14. Ng2 b5 15. Nc2 c4 16. b4 a4 17. a3 0-0-0 18. f4 f5 19. exf6 gxf6 20. Bf3 f5 21. Qe2 Nc6 22. Rce1 Rdg8 23. Bc1 Bd8 24. Nce3 Qc7 25. Kf2 Rg7 26. Rg1 Rhg8 27. Qd1 Be7 28. Nf1 Bf6 29. Be3 Nh8 30. Ke2 Nf7 31. Kd2 Nd6 32. Kc2 Ne7 33. Nd2 Ne4 34. Ref1 Kd8 35. Bf2 Nc8 36. Be2 Ncd6 37. Nf3 Nxf2 38. Rxf2 Ne4 39. Rff1 Be8 40. Ne5 Qe7 41. Ne3 Kc7 42. Bf3 1/2-1/2

[Event "Schleswig Holstein-ch Seniors"]
[Site "Hanerau"]
[Date "2015.04.01"]
[Round "6"]
[White "Bartels, Jens"]
[Black "Schaefer, Ruediger"]
[Result "0-1"]
[WhiteElo "1554"]
[BlackElo "1774"]
[PlyCount "82"]
[EventDate "2015.03.28"]
[EventType "swiss"]
[EventRounds "9"]
[EventCountry "GER"]
[SourceTitle "EXT 2018"]
[Source "ChessBase"]
[SourceDate "2017.10.13"]
[SourceVersion "1"]
[SourceVersionDate "2017.10.13"]
[SourceQuality "1"]

1. Nf3 d5 2. c4 c6 3. cxd5 cxd5 4. d4 Nc6 5. e3 e6 6. Nc3 Bd7 7. a3 a6 8. Bd3 Nf6 9. 0-0 g6 10. b3 Bg7 11. Bb2 0-0 12. Rc1 Qe7 13. Na4 Rfd8 14. Nb6 Ra7 15. Rc5 Be8 16. b4 Nd7 17. Nxd7 Bxd7 18. Qc2 Qe8 19. b5 axb5 20. Bxb5 Raa8 21. Rc1 Bf8 22. Bxc6 Bxc6 23. Rc3 Bd6 24. Qb3 Ra6 25. Ne1 Rda8 26. Ra1 Qd8 27. Nd3 Rb6 28. Qc2 Bb5 29. Ne1 Qd7 30. e4 dxe4 31. Qxe4 Bc6 32. Qc2 Bf8 33. Nf3 Bg7 34. Ne5 Bxe5 35. dxe5 Qd5 36. f4 Qd4+ 37. Kh1 Qxf4 38. Kg1 Rd8 39. Bc1 Qxe5 40. Bh6 Rb5 41. Rd1 Rbd5 0-1

[Event "Schleswig Holstein-ch Seniors"]
[Site "Hanerau"]
[Date "2015.04.01"]
[Round "4"]
[White "Wald, Rainer"]
[Black "Schaefer, Ruediger"]
[Result "1/2-1/2"]
[WhiteElo "1756"]
[BlackElo "1774"]
[PlyCount "37"]
[EventDate "2015.03.28"]
[EventType "swiss"]
[EventRounds "9"]
[EventCountry "GER"]
[SourceTitle "EXT 2018"]
[Source "ChessBase"]
[SourceDate "2017.10.13"]
[SourceVersion "1"]
[SourceVersionDate "2017.10.13"]
[SourceQuality "1"]

1. d4 d5 2. c4 c6 3. Nc3 Nf6 4. cxd5 cxd5 5. Bf4 Nc6 6. e3 a6 7. Bd3 g6 8. h3 Bg7 9. Nf3 0-0 10. 0-0 e6 11. Rc1 Qa5 12. Qa4 Qxa4 13. Nxa4 Nd7 14. Nc5 Nxc5 15. Rxc5 Bd7 16. Rfc1 Rfc8 17. a3 Bf8 18. R5c3 f6 19. e4 1/2-1/2

[Event "Schleswig Holstein-ch Seniors"]
[Site "Leck"]
[Date "2014.04.14"]
[Round "3"]
[White "Schaefer, Ruediger"]
[Black "Mohr, Harald"]
[Result "1/2-1/2"]
[WhiteElo "1812"]
[BlackElo "1876"]
[PlyCount "68"]
[EventDate "2014.04.12"]
[EventType "swiss"]
[EventRounds "9"]
[EventCountry "GER"]
[SourceTitle "EXT 2018"]
[Source "ChessBase"]
[SourceDate "2017.10.13"]
[SourceVersion "1"]
[SourceVersionDate "2017.10.13"]
[SourceQuality "1"]

1. d4 d6 2. Nf3 Nf6 3. b3 c6 4. c4 g6 5. Bb2 Bg7 6. Nc3 Nbd7 7. e3 0-0 8. Be2 b6 9. 0-0 Bb7 10. Rc1 c5 11. Nd2 e5 12. d5 Qe7 13. e4 h6 14. Rc2 Nh7 15. Bc1 f5 16. exf5 gxf5 17. f3 Ndf6 18. Re1 Bc8 19. Nf1 Bd7 20. Ng3 f4 21. Nge4 Nxe4 22. Nxe4 Ng5 23. Bd3 Nxe4 24. Bxe4 Qg5 25. Qd3 Bf5 26. Rf1 h5 27. Kh1 Qg6 28. Bxf5 Qxf5 29. Qxf5 Rxf5 30. Re2 Rf7 31. Bd2 a6 32. a4 Rb7 33. g3 fxg3 34. hxg3 Bf6 1/2-1/2

[Event "Schleswig Holstein-ch Seniors"]
[Site "Leck"]
[Date "2014.04.12"]
[Round "1"]
[White "Schaefer, Ruediger"]
[Black "Wieser, Hans Joachim"]
[Result "1-0"]
[WhiteElo "1812"]
[BlackElo "1572"]
[PlyCount "73"]
[EventDate "2014.04.12"]
[EventType "swiss"]
[EventRounds "9"]
[EventCountry "GER"]
[SourceTitle "EXT 2018"]
[Source "ChessBase"]
[SourceDate "2017.10.13"]
[SourceVersion "1"]
[SourceVersionDate "2017.10.13"]
[SourceQuality "1"]

1. e4 b6 2. d4 Bb7 3. f3 d6 4. c4 Nd7 5. Nc3 e5 6. Nge2 Be7 7. Be3 Bh4+ 8. g3 Bg5 9. Qd2 Bxe3 10. Qxe3 Ne7 11. Bh3 0-0 12. 0-0-0 a5 13. Nb5 Bc6 14. Rhf1 Bxb5 15. cxb5 c6 16. Bxd7 Qxd7 17. dxe5 cxb5 18. exd6 Nc6 19. Kb1 Ne5 20. Qd4 Nc4 21. Nf4 Rac8 22. Rfe1 Rfe8 23. e5 Qf5+ 24. Nd3 Rcd8 25. f4 Qh3 26. Qf2 Qf5 27. Ka1 Rd7 28. Qg2 Qe6 29. Qc6 Rdd8 30. Qxb5 a4 31. Rc1 Nd2 32. Red1 Nb3+ 33. axb3 axb3 34. Qc4 Ra8+ 35. Kb1 Qxc4 36. Rxc4 Ra2 37. Nc1 1-0

[Event "Schleswig Holstein-ch Seniors"]
[Site "Leck"]
[Date "2014.??.??"]
[Round "6"]
[White "Schaefer, Ruediger"]
[Black "Orschiedt Eghbali, Anke"]
[Result "1/2-1/2"]
[WhiteElo "1812"]
[BlackElo "1676"]
[PlyCount "62"]
[EventDate "2014.04.12"]
[EventType "swiss"]
[EventRounds "9"]
[EventCountry "GER"]
[SourceTitle "EXT 2018"]
[Source "ChessBase"]
[SourceDate "2017.10.13"]
[SourceVersion "1"]
[SourceVersionDate "2017.10.13"]
[SourceQuality "1"]

1. e4 g6 2. d4 Bg7 3. c3 c6 4. Nf3 d5 5. e5 h5 6. Bd3 Nh6 7. Nbd2 Bf5 8. Nf1 Bxd3 9. Qxd3 Nf5 10. Ne3 e6 11. a4 a5 12. 0-0 Nd7 13. b3 Qb6 14. Rb1 c5 15. Bd2 Qa6 16. Qxa6 Rxa6 17. Nc2 cxd4 18. cxd4 Rc6 19. Na3 b6 20. Rfc1 Nb8 21. Nb5 0-0 22. Rxc6 Nxc6 23. Rc1 Rc8 24. h3 f6 25. g4 hxg4 26. hxg4 Nfe7 27. Nd6 Rf8 28. Be3 fxe5 29. Nxe5 Bxe5 30. dxe5 Nxe5 31. Bxb6 N5c6 1/2-1/2

[Event "Schleswig Holstein-ch B 62nd"]
[Site "Itzehoe"]
[Date "2007.04.05"]
[Round "8"]
[White "Braams, Carsten"]
[Black "Schaefer, Ruediger"]
[Result "1/2-1/2"]
[WhiteElo "1183"]
[BlackElo "1784"]
[PlyCount "37"]
[EventDate "2007.03.31"]
[EventType "swiss"]
[EventRounds "9"]
[EventCountry "GER"]
[SourceTitle "EXT 2010"]
[Source "ChessBase"]
[SourceDate "2010.11.25"]
[SourceVersion "1"]
[SourceVersionDate "2010.11.25"]
[SourceQuality "1"]

1. d4 d5 2. c4 c6 3. Nc3 Nf6 4. Bf4 e6 5. e3 Bd6 6. Bxd6 Qxd6 7. c5 Qe7 8. Bd3 Nbd7 9. Nge2 e5 10. 0-0 0-0 11. Re1 e4 12. Bc2 Ne8 13. b4 f5 14. Nf4 Ndf6 15. a4 g5 16. Nh3 Qg7 17. Kh1 Nc7 18. Ne2 Ne6 19. Qd2 1/2-1/2

[Event "Schleswig Holstein-ch B 62nd"]
[Site "Itzehoe"]
[Date "2007.04.03"]
[Round "5"]
[White "Hartendauer, Frank"]
[Black "Schaefer, Ruediger"]
[Result "1/2-1/2"]
[WhiteElo "1504"]
[BlackElo "1784"]
[PlyCount "44"]
[EventDate "2007.03.31"]
[EventType "swiss"]
[EventRounds "9"]
[EventCountry "GER"]
[SourceTitle "EXT 2010"]
[Source "ChessBase"]
[SourceDate "2010.11.25"]
[SourceVersion "1"]
[SourceVersionDate "2010.11.25"]
[SourceQuality "1"]

1. d4 Nf6 2. c4 e6 3. Nc3 Bb4 4. Qc2 0-0 5. a3 Be7 6. Nf3 d6 7. Bg5 c5 8. e3 h6 9. Bh4 Qa5 10. Bd3 Re8 11. 0-0 Nc6 12. Rfb1 Qd8 13. dxc5 dxc5 14. Rd1 Qb6 15. Rab1 a6 16. Bg3 Nh5 17. Bh4 Bxh4 18. Nxh4 Ne5 19. Be2 Nf6 20. Nf3 Qc7 21. h3 Rb8 22. Rd2 Nxf3+ 1/2-1/2

[Event "Schleswig Holstein-ch B 62nd"]
[Site "Itzehoe"]
[Date "2007.04.02"]
[Round "3"]
[White "Schaefer, Ruediger"]
[Black "Carstens, Hans Henning"]
[Result "0-1"]
[WhiteElo "1784"]
[BlackElo "1501"]
[PlyCount "154"]
[EventDate "2007.03.31"]
[EventType "swiss"]
[EventRounds "9"]
[EventCountry "GER"]
[SourceTitle "EXT 2010"]
[Source "ChessBase"]
[SourceDate "2010.11.25"]
[SourceVersion "1"]
[SourceVersionDate "2010.11.25"]
[SourceQuality "1"]

1. e4 e5 2. Bc4 Nf6 3. d4 exd4 4. Nf3 Bb4+ 5. c3 dxc3 6. bxc3 Bc5 7. Bg5 Bxf2+ 8. Kxf2 Nxe4+ 9. Kf1 Nxg5 10. Qe2+ Ne6 11. Nbd2 d5 12. Bb3 0-0 13. g3 Qf6 14. Rc1 c6 15. Qf2 Nd7 16. Kg2 Ndc5 17. Bc2 b6 18. Rhd1 Ng5 19. Nxg5 Qxg5 20. Nf3 Qh5 21. Rd4 Bg4 22. Ng1 Ne6 23. Ra4 Ng5 24. Qf4 f5 25. c4 Nh3 26. Qd4 Nxg1 27. Kxg1 Qg5 28. Rb1 Bf3 29. cxd5 Bxd5 30. Bb3 Bxb3 31. axb3 Rad8 32. Qc4+ Kh8 33. Qc3 Qd2 34. Qxc6 Qe3+ 35. Kh1 Rc8 36. Qg2 Rc1+ 37. Rxc1 Qxc1+ 38. Qg1 Qxg1+ 39. Kxg1 a5 40. Rd4 g6 41. Rd7 Rc8 42. Rd6 Rb8 43. Rd7 Kg8 44. Kf2 h6 45. Ke3 Re8+ 46. Kd3 Re6 47. h4 g5 48. hxg5 hxg5 49. Rd5 Rf6 50. g4 Kf7 51. gxf5 Ke7 52. Ke4 Rd6 53. Rb5 Kf6 54. Kf3 Kg7 55. Kg4 Kh6 56. f6 Rxf6 57. Rxg5 Rg6 58. Rxg6+ Kxg6 59. Kf4 Kf6 60. Ke4 Ke6 61. Kd4 Kd6 62. b4 a4 63. b5 a3 64. Kc3 Kc5 65. Kb3 Kxb5 66. Kxa3 Kc4 67. Ka2 Kb4 68. Kb2 b5 69. Ka2 Kc3 70. Ka3 b4+ 71. Ka2 Kc2 72. Ka1 Kb3 73. Kb1 Ka3 74. Ka1 b3 75. Kb1 b2 76. Kc2 Ka2 77. Kc3 b1Q 0-1